[Event "Copa Mercosur"]
[Site "Villa Martelli"]
[Date "2006.07.28"]
[Round "5"]
[White "Stamenkovic, Dragan"]
[Black "Prasca Sosa, Raphael"]
[Result "1/2-1/2"]
[WhiteElo "2393"]
[BlackElo "2442"]
[PlyCount "178"]
[EventDate "2006.07.24"]

1. d4 d5 2. Bg5 c6 3. Nf3 h6 4. Bh4 Qb6 5. b3 Bf5 6. e3 e6 7. Bd3 Nd7 8. O-O
Ngf6 9. c4 Ne4 10. Qe2 g5 11. Bg3 Nxg3 12. hxg3 Bxd3 13. Qxd3 Bg7 14. Nc3 O-O
15. g4 dxc4 16. Qxc4 c5 17. Ne2 Rac8 18. Rac1 Qa5 19. a4 Rfd8 20. dxc5 Rxc5 21.
Qe4 Rd5 22. Nfd4 Nf6 23. Qf3 Qb6 24. Rc4 Ne8 25. b4 Be5 26. Rfc1 Nf6 27. Nc3
R5d7 28. a5 Qd6 29. g3 Qb8 30. Nce2 Kg7 31. a6 h5 32. gxh5 g4 33. Qg2 bxa6 34.
Nc6 Rd1+ 35. Kh2 Qd6 36. Nxd8 Rxc1 37. Nxe6+ Qxe6 38. Rxc1 Qf5 39. Rc5 Ne4 40.
h6+ Kh7 41. Kg1 Nxc5 42. bxc5 Qb1+ 43. Kh2 Qc2 44. Qb7 Qc4 45. Nf4 Kxh6 46. Qe7
Bxf4 47. Qf6+ Kh7 48. Qf5+ Kg7 49. Qxg4+ Kf6 50. Qh4+ Ke6 51. gxf4 Qxc5 52.
Qh6+ f6 53. Qh7 a5 54. Qe4+ Kd6 55. Qd3+ Kc7 56. Qg6 Qc3 57. Qe8 Kb6 58. Qb8+
Ka6 59. Qd6+ Kb5 60. Qd7+ Kb4 61. Qxa7 a4 62. Qb6+ Ka3 63. Kg3 Ka2 64. Qd4 Kb3
65. Qd1+ Qc2 66. Qd5+ Kb2 67. Qd4+ Kb1 68. Qb4+ Ka2 69. Qd4 a3 70. Qb4 Qd3 71.
Kg4 Ka1 72. e4 a2 73. Kf5 Qe2 74. f3 Qxf3 75. Kxf6 Qxf4+ 76. Ke6 Qh6+ 77. Kd5
Qc1 78. e5 Qd1+ 79. Ke6 Qc2 80. Kd6 Qh2 81. Ke6 Qh3+ 82. Ke7 Qh7+ 83. Ke6 Qg6+
84. Ke7 Qg7+ 85. Ke6 Qc7 86. Kf6 Qd8+ 87. Kf7 Qc7+ 88. Kf6 Qd8+ 89. Kf7 Qc7+
1/2-1/2

[Event "Copa Mercosur"]
[Site "Villa Martelli"]
[Date "2006.07.29"]
[Round "6"]
[White "Bachman, Axel"]
[Black "Valerga, Diego"]
[Result "1-0"]
[WhiteElo "2448"]
[BlackElo "2470"]
[PlyCount "97"]
[EventDate "2006.07.24"]

1. e4 c5 2. Nf3 e6 3. Nc3 Nc6 4. Bb5 Nge7 5. O-O Nd4 6. Nxd4 cxd4 7. Ne2 Nc6 8.
c3 Bc5 9. b4 Bb6 10. a4 dxc3 11. dxc3 O-O 12. a5 Bc7 13. f4 d5 14. e5 f6 15.
exf6 Qxf6 16. Be3 Bd7 17. Qd2 a6 18. Ba4 Rad8 19. Bc2 Be8 20. f5 e5 21. Bg5 Qd6
22. Bxd8 Bxd8 23. Bb3 Bf7 24. Rad1 Ne7 25. Ng3 Qc6 26. f6 gxf6 27. Nf5 Nxf5 28.
Rxf5 b6 29. Bxd5 Bxd5 30. Qxd5+ Qxd5 31. Rxd5 bxa5 32. bxa5 Re8 33. Rd7 Bxa5
34. Rxf6 Bxc3 35. Rxa6 Rf8 36. g4 Rf7 37. Rxf7 Kxf7 38. Kf2 Bd2 39. Kf3 Kg7 40.
Ke4 Bf4 41. h3 h6 42. Kf5 Kf7 43. h4 Kg7 44. Ra7+ Kg8 45. Kg6 Kf8 46. Kf6 Ke8
47. g5 hxg5 48. hxg5 e4 49. g6 1-0

[Event "Copa Mercosur"]
[Site "Villa Martelli"]
[Date "2006.07.29"]
[Round "6"]
[White "COMP ZAP!Chess"]
[Black "Rojas Keim, Luis"]
[Result "1-0"]
[WhiteElo "2600"]
[BlackElo "2464"]
[PlyCount "35"]
[EventDate "2006.07.24"]

1. d4 {0} 1... d5 {11} 2. c4 {0} 2... Nc6 {15} 3. Nf3 {0} 3... Bg4 {22} 4. Nc3
{0} 4... Nf6 {32} 5. cxd5 {0} 5... Nxd5 {24} 6. e4 {0} 6... Nxc3 {55} 7. bxc3 {
0} 7... e6 {52} 8. Rb1 {521} 8... Rb8 {400} 9. Qa4 {0} 9... Bxf3 {50} 10. gxf3
{200} 10... Qd7 {103} 11. Bb5 {138} 11... Ra8 {159} 12. c4 {239} 12... a6 {820}
13. d5 {0} 13... exd5 {25} 14. cxd5 {151} 14... axb5 {404} 15. Qxa8+ {0} 15...
Nd8 {12} 16. Qa5 {159} 16... c6 {51} 17. Bf4 {170} 17... Bc5 {534} 18. Qc3 {164
} 1-0

[Event "Copa Mercosur"]
[Site "Villa Martelli"]
[Date "2006.07.29"]
[Round "6"]
[White "Fier, Alexandr"]
[Black "Stamenkovic, Dragan"]
[Result "1/2-1/2"]
[WhiteElo "2459"]
[BlackElo "2393"]
[PlyCount "60"]
[EventDate "2006.07.24"]

1. e4 c5 2. Nf3 Nc6 3. d4 cxd4 4. Nxd4 g6 5. c4 Nf6 6. Nc3 Nxd4 7. Qxd4 d6 8.
Be3 Bg7 9. Be2 O-O 10. Qd2 Be6 11. Rc1 Qa5 12. b3 Rfc8 13. f3 a6 14. Nd5 Qxd2+
15. Kxd2 Nxd5 16. exd5 Bd7 17. a4 a5 18. f4 Bb2 19. Rcf1 Ba3 20. Bd3 Bc5 21.
Bxc5 Rxc5 22. Ke3 e6 23. dxe6 Bxe6 24. Be4 d5 25. cxd5 Bxd5 26. Bxd5 Rxd5 27.
Rd1 Re8+ 28. Kf2 Rc5 29. Rhe1 Rc2+ 30. Kf1 Rxe1+ 1/2-1/2

[Event "Copa Mercosur"]
[Site "Villa Martelli"]
[Date "2006.07.29"]
[Round "6"]
[White "Hungaski, Robert"]
[Black "Slipak, Sergio"]
[Result "1/2-1/2"]
[WhiteElo "2412"]
[BlackElo "2463"]
[PlyCount "36"]
[EventDate "2006.07.24"]

1. e4 e5 2. Nf3 Nc6 3. d4 exd4 4. Nxd4 Bb4+ 5. c3 Bc5 6. Nxc6 bxc6 7. Bd3 Ne7
8. O-O d6 9. Qe2 O-O 10. Be3 Bxe3 11. Qxe3 f5 12. f4 fxe4 13. Bxe4 Bf5 14. Nd2
Nd5 15. Qd4 Bxe4 16. Qxe4 Qd7 17. g3 Rae8 18. Qc4 Kh8 1/2-1/2

[Event "Copa Mercosur"]
[Site "Villa Martelli"]
[Date "2006.07.29"]
[Round "6"]
[White "Liascovich, Lucas"]
[Black "Panno, Oscar"]
[Result "1/2-1/2"]
[WhiteElo "2395"]
[BlackElo "2459"]
[PlyCount "50"]
[EventDate "2006.07.24"]

1. d4 d6 2. Nf3 g6 3. c4 Bg7 4. Nc3 Nd7 5. e4 e5 6. Be2 Ngf6 7. O-O O-O 8. Be3
c6 9. d5 c5 10. a3 Ne8 11. g4 Ndf6 12. Ne1 Kh8 13. Nd3 b6 14. Kh1 Qe7 15. Rg1
Ng8 16. Qd2 f5 17. gxf5 gxf5 18. Bg5 Bf6 19. exf5 Bxf5 20. Rae1 Ng7 21. f4 exf4
22. Qxf4 Bxg5 23. Qxg5 Qxg5 24. Rxg5 Rae8 25. Nf2 Nh6 1/2-1/2

[Event "Copa Mercosur"]
[Site "Villa Martelli"]
[Date "2006.07.29"]
[Round "6"]
[White "Needleman, Gaston"]
[Black "Rodriguez, Andres"]
[Result "1/2-1/2"]
[WhiteElo "2435"]
[BlackElo "2511"]
[PlyCount "124"]
[EventDate "2006.07.24"]

1. e4 e6 2. d4 d5 3. Nd2 Nf6 4. e5 Nfd7 5. c3 c5 6. Bd3 Nc6 7. Ne2 cxd4 8. cxd4
f6 9. exf6 Nxf6 10. O-O Bd6 11. Nf3 Qc7 12. Bg5 O-O 13. Bh4 h6 14. Bg3 Bxg3 15.
hxg3 g5 16. Bb5 Ng4 17. Bxc6 bxc6 18. Qd3 Qg7 19. Nh2 Nxh2 20. Kxh2 Bd7 21.
Rac1 Rf6 22. Ng1 g4 23. f4 h5 24. Rce1 Be8 25. f5 exf5 26. Ne2 Bd7 27. Nf4 Rh6
28. Qa3 h4 29. Qe7 hxg3+ 30. Kxg3 Re8 31. Qxg7+ Kxg7 32. Rxe8 Bxe8 33. Re1 Kf7
34. Nd3 Rh8 35. Kf4 Kf6 36. Nc5 g3 37. Re6+ Kf7 38. Re3 Kf6 39. Re6+ Kf7 40.
Kxg3 Rg8+ 41. Kf4 Rxg2 42. Re3 Rxb2 43. a4 Rf2+ 44. Kg5 f4 45. Rb3 f3 46. Rb7+
Kg8 47. Kf4 Rf1 48. Rxa7 Bh5 49. Nd3 Rd1 50. Nf2 Rxd4+ 51. Kg3 Kf8 52. a5 Ra4
53. a6 Ra3 54. Ra8+ Ke7 55. a7 Bf7 56. Nd3 d4 57. Ne5 Bd5 58. Rc8 c5 59. Rxc5
Kd6 60. Nc4+ Kxc5 61. Nxa3 d3 62. Nb1 Kb6 1/2-1/2

[Event "Copa Mercosur"]
[Site "Villa Martelli"]
[Date "2006.07.29"]
[Round "6"]
[White "Prasca Sosa, Raphael"]
[Black "Alonso, Salvador"]
[Result "1/2-1/2"]
[WhiteElo "2442"]
[BlackElo "2441"]
[PlyCount "74"]
[EventDate "2006.07.24"]

1. e4 c5 2. Nf3 Nc6 3. d4 cxd4 4. Nxd4 g6 5. Nc3 Bg7 6. Nde2 Nf6 7. g3 O-O 8.
Bg2 Rb8 9. a4 d6 10. O-O a6 11. Nd5 Nd7 12. c3 b5 13. axb5 axb5 14. Nd4 Nxd4
15. cxd4 b4 16. Bg5 Nf6 17. Nxf6+ exf6 18. Be3 f5 19. Qd2 Re8 20. exf5 Bxf5 21.
Bc6 Rf8 22. Ra4 b3 23. Bg5 Qc8 24. d5 Bc2 25. Bh6 Bxb2 26. Bxf8 Qxf8 27. Rc4
Be5 28. Rxc2 bxc2 29. Qxc2 Rb2 30. Qe4 Qb8 31. Kg2 Qb6 32. Bd7 Kg7 33. Qf3 h5
34. Be8 Qc7 35. h4 Rc2 36. Re1 Rc3 37. Re3 Rxe3 1/2-1/2

[Event "Copa Mercosur"]
[Site "Villa Martelli"]
[Date "2006.07.30"]
[Round "7"]
[White "Alonso, Salvador"]
[Black "Fier, Alexandr"]
[Result "0-1"]
[WhiteElo "2441"]
[BlackElo "2459"]
[PlyCount "82"]
[EventDate "2006.07.24"]

1. e4 c5 2. Nf3 d6 3. d4 cxd4 4. Nxd4 Nf6 5. Nc3 Nc6 6. Bc4 e6 7. Bb3 a6 8. Be3
Be7 9. f4 O-O 10. Qf3 Qc7 11. O-O-O Na5 12. g4 Nxb3+ 13. axb3 Nd7 14. Nf5 exf5
15. Nd5 Qd8 16. gxf5 Nf6 17. Nb6 Rb8 18. Rhg1 Re8 19. Bd4 Bf8 20. e5 Nd7 21.
Nxc8 Rxc8 22. e6 fxe6 23. fxe6 Nf6 24. f5 Qe7 25. Kb1 Kh8 26. Qh3 Qc7 27. Rg2
Be7 28. Rd3 Qa5 29. Rg1 Bd8 30. Rdg3 Rc7 31. Qg2 Rg8 32. Qh3 Re8 33. Qg2 Rg8
34. Qh3 Rf8 35. Qg2 Rg8 36. Qh3 Qd2 37. R3g2 Qxd4 38. Qf3 Qe4 39. Qf1 Rc5 40.
Re2 Qxf5 41. Qg2 Re5 0-1

[Event "Copa Mercosur"]
[Site "Villa Martelli"]
[Date "2006.07.30"]
[Round "7"]
[White "Rodriguez, Andres"]
[Black "Hungaski, Robert"]
[Result "1/2-1/2"]
[WhiteElo "2511"]
[BlackElo "2412"]
[PlyCount "152"]
[EventDate "2006.07.24"]

1. e4 e5 2. Nf3 Nc6 3. Bc4 Bc5 4. c3 Nf6 5. d3 a6 6. Nbd2 Ba7 7. h3 O-O 8. O-O
d6 9. Bb3 h6 10. Re1 Nh5 11. Nf1 Qf6 12. Be3 Nf4 13. Bxa7 Rxa7 14. Re3 Ra8 15.
Qd2 Na5 16. Bd1 c5 17. Kh2 Be6 18. Ng1 Nc6 19. g3 Ng6 20. Rf3 Qg5 21. Ne3 Nge7
22. Bb3 Qg6 23. g4 Rad8 24. Nf5 Bxb3 25. axb3 Nxf5 26. gxf5 Qg5 27. Qe2 Kh7 28.
Rg3 Qf6 29. Nf3 Rg8 30. Rag1 g6 31. fxg6+ fxg6 32. h4 Rdf8 33. Rh3 Qf4+ 34. Kh1
Nd8 35. Rg4 Qc1+ 36. Rg1 Qf4 37. Rgg3 Ne6 38. Qf1 Qf7 39. Rh2 Nf4 40. Nd2 Nh5
41. Rg4 Qe6 42. Qg1 Rf4 43. f3 Rgf8 44. Rxf4 Rxf4 45. Qf2 b5 46. c4 Qf7 47. Kg1
Ng7 48. Qg2 Ne6 49. Kf2 Nd4 50. Qh3 h5 51. Rh1 Qe7 52. Kg3 Qf8 53. Kf2 Rf7 54.
cxb5 Qh6 55. Rd1 axb5 56. Qg3 Ra7 57. Qh3 Qf4 58. Qg3 Qf7 59. Nf1 Ra2 60. Rd2
Nxb3 61. Rc2 Nd4 62. Rd2 Ra8 63. Kg2 Qf4 64. Qh3 Rf8 65. Rf2 Qf7 66. Ne3 Ne6
67. Nd5 Kh6 68. Qg3 Nf4+ 69. Nxf4 Qxf4 70. Qxf4+ exf4 71. Rc2 Ra8 72. e5 Rd8
73. exd6 Rxd6 74. Rxc5 Rxd3 75. Rxb5 Rd2+ 76. Kg1 Kg7 1/2-1/2

[Event "Copa Mercosur"]
[Site "Villa Martelli"]
[Date "2006.07.30"]
[Round "7"]
[White "Rojas Keim, Luis"]
[Black "Prasca Sosa, Raphael"]
[Result "0-1"]
[WhiteElo "2464"]
[BlackElo "2442"]
[PlyCount "120"]
[EventDate "2006.07.24"]

1. e4 e6 2. d4 d5 3. e5 c5 4. c3 Nc6 5. Nf3 Qb6 6. Be2 cxd4 7. cxd4 Nge7 8. Nc3
Nf5 9. Na4 Qa5+ 10. Bd2 Bb4 11. Bc3 b5 12. a3 Bxc3+ 13. Nxc3 b4 14. axb4 Qxb4
15. Bb5 Bd7 16. Bxc6 Bxc6 17. Qd2 O-O 18. O-O Rfb8 19. Rab1 a5 20. g4 Ne7 21.
Ne1 Bb5 22. Nc2 Qb3 23. Rfe1 Bd7 24. Re3 Qb6 25. Rh3 Rf8 26. Qd3 Ng6 27. g5
Rfb8 28. Ne3 h6 29. Rg3 hxg5 30. Kh1 Qd8 31. Rbg1 Rxb2 32. Ncd1 Rb4 33. Rxg5
Kf8 34. h4 Ke7 35. h5 Qh8 36. R1g4 a4 37. Kg1 Nf8 38. Nc3 Rb3 39. Rxg7 Qxh5 40.
Rg8 Bc6 41. Qc2 Nd7 42. R8g7 Rh8 43. Kf1 Qh1+ 44. Ke2 Rf8 45. Rh7 Qa1 46. Ned1
Bb7 47. Rgg7 Ba6+ 48. Kf3 Ke8 49. Kg2 Qa3 50. Ne2 Qb4 51. Nf4 Qb7 52. Nxe6 Bd3
53. Qc7 Qxc7 54. Nxc7+ Kd8 55. Ne6+ fxe6 56. Rxd7+ Kc8 57. Rhg7 Be4+ 58. Kf1
Rb1 59. Ke2 Bf3+ 60. Ke3 Bxd1 0-1

[Event "Copa Mercosur"]
[Site "Villa Martelli"]
[Date "2006.07.30"]
[Round "7"]
[White "Slipak, Sergio"]
[Black "Liascovich, Lucas"]
[Result "1/2-1/2"]
[WhiteElo "2463"]
[BlackElo "2395"]
[PlyCount "100"]
[EventDate "2006.07.24"]

1. d4 Nf6 2. c4 g6 3. g3 Bg7 4. Bg2 d5 5. cxd5 Nxd5 6. e4 Nf6 7. Ne2 e5 8. d5
O-O 9. O-O c6 10. Nec3 Na6 11. h3 Nc7 12. Qb3 c5 13. a4 Nfe8 14. a5 Nd6 15. Be3
b6 16. axb6 axb6 17. Rxa8 Nxa8 18. Nd2 f5 19. Ra1 Bd7 20. exf5 gxf5 21. Nc4 f4
22. Bxc5 bxc5 23. Nxd6 fxg3 24. fxg3 Bxh3 25. Rxa8 Qxa8 26. Bxh3 Qa1+ 27. Nd1
e4 28. Be6+ Kh8 29. Nf7+ Rxf7 30. Bxf7 Qa7 31. Nf2 Bd4 32. d6 Bxf2+ 33. Kg2 Kg7
34. Be6 c4 35. Qd1 Kf6 36. Qd5 Qc5 37. d7 Qxd5 38. Bxd5 Bb6 39. Bxc4 Ke7 40.
Bb5 h6 41. b3 Bc5 42. Bc6 Kd8 43. g4 Kc7 44. Bb5 Kd8 45. Kg3 Bd6+ 46. Kf2 Bc5+
47. Ke2 Kc7 48. Kd2 Bd4 49. b4 e3+ 50. Kd3 e2 1/2-1/2

[Event "Copa Mercosur"]
[Site "Villa Martelli"]
[Date "2006.07.30"]
[Round "7"]
[White "Valerga, Diego"]
[Black "COMP ZAP!Chess"]
[Result "0-1"]
[WhiteElo "2470"]
[BlackElo "2600"]
[PlyCount "70"]
[EventDate "2006.07.24"]

1. d4 {0} 1... Nf6 {0} 2. c4 {20} 2... g6 {0} 3. Nc3 {32} 3... Bg7 {0} 4. e4 {
22} 4... d6 {0} 5. Nf3 {25} 5... O-O {0} 6. Be2 {40} 6... e5 {0} 7. O-O {60}
7... Nc6 {0} 8. d5 {105} 8... Ne7 {0} 9. Nd2 {159} 9... a5 {0} 10. a3 {135}
10... Nd7 {0} 11. Rb1 {116} 11... f5 {0} 12. b4 {32} 12... b6 {0} 13. Kh1 {239}
13... axb4 {281} 14. axb4 {179} 14... Nf6 {325} 15. Bb2 {78} 15... Bh6 {251}
16. Bf3 {273} 16... Bd7 {525} 17. Nb3 {436} 17... fxe4 {217} 18. Nxe4 {27} (18.
Bxe4) 18... Nxe4 {231} 19. Bxe4 {32} 19... Ra4 {300} 20. Bc3 {113} 20... Nf5 {
26} 21. g3 {173} 21... Ra2 {144} 22. Rb2 {541} (22. Ra1) 22... Ra3 {0} 23. Bd2
{421} 23... Bxd2 {140} 24. Qxd2 {454} 24... Qf6 {0} 25. Kg1 {586} 25... Nd4 {
124} (25... Rfa8) 26. Nxd4 {31} 26... exd4 {95} 27. Re1 {447} (27. Ra2 Rc3)
27... d3 {129} 28. Re3 {242} 28... Re8 {0} 29. Rb1 {78} 29... Qd4 {13} 30. Rbe1
{106} (30. Bg2 Rxe3 31. fxe3 Qxc4) 30... Re5 $1 {0} (30... Qxc4 31. Bxd3 Rxd3
32. Rxe8+ Bxe8 33. Rxe8+ Kf7 34. Qe1 Rd1 $11) 31. h4 {256} 31... Qxc4 {97} 32.
Rc1 {214} 32... Qd4 {94} 33. Rxc7 {63} 33... Rxe4 {92} 34. Rxd7 {22} 34... Rxe3
{90} 35. Rd8+ {86} 35... Kf7 {89} 0-1

[Event "Copa Mercosur"]
[Site "Villa Martelli"]
[Date "2006.07.31"]
[Round "8"]
[White "Bachman, Axel"]
[Black "Slipak, Sergio"]
[Result "1-0"]
[WhiteElo "2448"]
[BlackElo "2463"]
[PlyCount "75"]
[EventDate "2006.07.24"]

1. e4 c6 2. d4 d5 3. e5 Bf5 4. Nf3 e6 5. Be2 Nd7 6. O-O Bg6 7. b3 Bb4 8. c4 Ne7
9. Bb2 O-O 10. Ne1 Bxe1 11. Rxe1 c5 12. Nc3 cxd4 13. Qxd4 Nc6 14. Qf4 d4 15.
Nb5 Ndxe5 16. Nxd4 Qa5 17. a3 Nxd4 18. Qxd4 f6 19. Qd6 Rad8 20. Qxe6+ Kh8 21.
b4 Qa4 22. Bxe5 Rfe8 23. Qh3 Rxe5 24. Bf1 Rxe1 25. Rxe1 h6 26. Qf3 Qd7 27. h3
b6 28. Rc1 Be8 29. Rc3 Qc6 30. Qxc6 Bxc6 31. c5 bxc5 32. Rxc5 Rd6 33. f3 a6 34.
Bxa6 Bxf3 35. gxf3 Rxa6 36. Rc3 Kg8 37. b5 Rb6 38. Rb3 1-0

[Event "Copa Mercosur"]
[Site "Villa Martelli"]
[Date "2006.07.31"]
[Round "8"]
[White "COMP ZAP!Chess"]
[Black "Prasca Sosa, Raphael"]
[Result "1-0"]
[WhiteElo "2600"]
[BlackElo "2442"]
[PlyCount "113"]
[EventDate "2006.07.24"]

1. e4 {0} 1... e6 {165} 2. d4 {0} 2... d5 {11} 3. Nc3 {0} 3... dxe4 {185} 4.
Nxe4 {0} 4... Nd7 {18} 5. Nf3 {0} 5... Ngf6 {18} 6. Bg5 {0} 6... Be7 {15} 7.
Nxf6+ {0} 7... Bxf6 {242} 8. Qd2 {0} 8... Bxg5 {77} 9. Nxg5 {0} 9... h6 {23}
10. Nf3 {277} 10... Qf6 {406} 11. Qe3 {830} 11... Nb6 {837} 12. Ne5 {0} 12...
Qe7 {597} 13. c3 {222} 13... Nd7 {706} 14. Bd3 {216} 14... Nf6 {825} 15. a4 {
206} 15... a5 {192} 16. Bb5+ {196} 16... Bd7 {19} 17. Qf3 {125} 17... c6 {121}
18. Bd3 {19} 18... Qd6 {152} 19. O-O {145} 19... Qc7 {95} 20. Rfe1 {140} 20...
O-O {46} 21. Re3 {84} 21... c5 {143} 22. dxc5 {133} 22... Bc6 {252} 23. Nxc6 {
129} 23... Qxc6 {58} 24. Bb5 {129} 24... Qxc5 {93} 25. Qxb7 {119} 25... Nd5 {13
} 26. Rd3 {71} 26... Rab8 {86} 27. Qc6 {87} 27... Qxc6 {10} 28. Bxc6 {71} 28...
Rxb2 {12} 29. Bxd5 {68} 29... exd5 {14} 30. Rxd5 {64} 30... Rc8 {64} 31. Rxa5 {
13} 31... Rxc3 {18} 32. h4 {59} 32... Rcc2 {40} 33. Rf5 {81} 33... g6 {68} 34.
Rf4 {7} 34... h5 {202} 35. Rd1 {150} 35... Rc7 {46} 36. Rd6 {26} 36... Ra7 {57}
37. Kh2 {77} 37... Ra2 {42} 38. Rdd4 {75} 38... Kg7 {41} 39. Kg3 {27} 39...
Ra3+ {14} 40. f3 {74} 40... Ra2 {15} 41. Kh3 {72} 41... Rc7 {82} 42. Rc4 {71}
42... Rb7 {56} 43. Rb4 {69} 43... Rc7 {12} 44. Rbc4 {68} 44... Rb7 {10} 45. Rb4
{67} 45... Rc7 {13} 46. Rfc4 {66} 46... Rd7 {27} 47. Rd4 {64} 47... Rc7 {14}
48. Rbc4 {63} 48... Rb7 {11} 49. Rb4 {62} 49... Rc7 {13} 50. Rf4 {43} 50... Rd7
{122} 51. g4 {104} (51. Rfc4 Re7 52. Rf4 Rc7) 51... Rdd2 {786} 52. Rfd4 {0}
52... hxg4+ {57} (52... Rh2+ 53. Kg3 Rag2+ 54. Kf4 Rxh4) 53. Rxg4 {58} 53... f5
{151} (53... Rh2+ 54. Kg3 Rhg2+ 55. Kf4) 54. Rg1 {58} 54... Ra3 {39} 55. Kg3 {
13} 55... Rda2 {27} 56. Rd1 {57} 56... Rxa4 {35} 57. Rd7+ {55} 1-0

[Event "Copa Mercosur"]
[Site "Villa Martelli"]
[Date "2006.07.31"]
[Round "8"]
[White "Fier, Alexandr"]
[Black "Rojas Keim, Luis"]
[Result "1-0"]
[WhiteElo "2459"]
[BlackElo "2464"]
[PlyCount "65"]
[EventDate "2006.07.24"]

1. d4 Nf6 2. Bg5 e6 3. e4 h6 4. Bxf6 Qxf6 5. Nf3 d5 6. Nbd2 Qd8 7. c3 dxe4 8.
Nxe4 Be7 9. Bd3 O-O 10. Bc2 Nd7 11. Qd3 g6 12. h4 h5 13. O-O-O Kg7 14. Neg5
Bxg5+ 15. hxg5 Nb6 16. Rxh5 Rh8 17. Rxh8 Qxh8 18. Qe4 Bd7 19. Qxb7 Nd5 20. Be4
Qd8 21. Qa6 Rb8 22. Qe2 Ba4 23. Rh1 Nxc3 24. bxc3 Qd6 25. Bc2 Rb5 26. Bxa4 Qa3+
27. Kd2 Qxa4 28. Ke3 c5 29. Qd2 Qa5 30. dxc5 Rxc5 31. Qd4+ e5 32. Nxe5 Rxe5+
33. Kf4 1-0

[Event "Copa Mercosur"]
[Site "Villa Martelli"]
[Date "2006.07.31"]
[Round "8"]
[White "Hungaski, Robert"]
[Black "Stamenkovic, Dragan"]
[Result "1/2-1/2"]
[WhiteElo "2412"]
[BlackElo "2393"]
[PlyCount "107"]
[EventDate "2006.07.24"]

1. e4 c5 2. Nf3 Nc6 3. d4 cxd4 4. Nxd4 g6 5. c4 Nf6 6. Nc3 Nxd4 7. Qxd4 d6 8.
Be2 Bg7 9. Bg5 O-O 10. Qd2 Be6 11. Rc1 Qa5 12. f3 Rfc8 13. b3 Kf8 14. O-O a6
15. f4 Rc5 16. Qe3 Rac8 17. f5 gxf5 18. Nd5 Bxd5 19. exd5 Qxa2 20. Rxf5 Qb2 21.
Rcf1 Ra5 22. R5f2 Qe5 23. Qxe5 dxe5 24. d6 Rc6 25. dxe7+ Kxe7 26. Rf5 h6 27.
Bh4 b6 28. Bf3 e4 29. Rxa5 bxa5 30. Bxe4 Rb6 31. Rf3 Ke8 32. Bf5 Bf8 33. g4
Bc5+ 34. Kg2 Kf8 35. Be1 a4 36. bxa4 Rb2+ 37. Kf1 Rxh2 38. Bc3 Ne8 39. Bc8 Nd6
40. Bxa6 Rh4 41. Bd2 Ne4 42. Bf4 Kg7 43. Bb7 Nd6 44. Bd5 f6 45. a5 Rxg4 46. Rg3
Rxg3 47. Bxg3 Nc8 48. Be6 Na7 49. a6 Kf8 50. Ke2 Ke7 51. Bg4 Nc6 52. Bf3 Nd4+
53. Ke3 Nxf3+ 54. Kxf3 1/2-1/2

[Event "Copa Mercosur"]
[Site "Villa Martelli"]
[Date "2006.07.31"]
[Round "8"]
[White "Liascovich, Lucas"]
[Black "Rodriguez, Andres"]
[Result "1/2-1/2"]
[WhiteElo "2395"]
[BlackElo "2511"]
[PlyCount "79"]
[EventDate "2006.07.24"]

1. d4 f5 2. Bg5 h6 3. Bh4 g5 4. e3 Nf6 5. Bg3 d6 6. h4 g4 7. h5 c6 8. Nc3 Qa5
9. Qd2 e5 10. dxe5 dxe5 11. Ne4 Qxd2+ 12. Nxd2 Nbd7 13. Bd3 e4 14. Bc4 Bg7 15.
Ne2 b5 16. Be6 Nb6 17. Bxc8 Nxc8 18. Nd4 Ne7 19. Ne6 Kf7 20. Nxg7 Kxg7 21. Nb3
Rhd8 22. Nd4 Kf7 23. Bf4 Rh8 24. O-O-O Rad8 25. g3 a6 26. Be5 Rd5 27. Nxc6
Rxd1+ 28. Rxd1 Nxc6 29. Bxf6 Kxf6 30. Rd6+ Kg5 31. Rxc6 Ra8 32. Rg6+ Kxh5 33.
Rg7 Rd8 34. b3 Rd6 35. a3 Rc6 36. Kb2 Rd6 37. a4 bxa4 38. bxa4 Rb6+ 39. Kc3
Rc6+ 40. Kb3 1/2-1/2

[Event "Copa Mercosur"]
[Site "Villa Martelli"]
[Date "2006.07.31"]
[Round "8"]
[White "Needleman, Gaston"]
[Black "Alonso, Salvador"]
[Result "0-1"]
[WhiteElo "2435"]
[BlackElo "2441"]
[PlyCount "86"]
[EventDate "2006.07.24"]

1. e4 c5 2. Nf3 e6 3. d4 cxd4 4. Nxd4 a6 5. Nc3 b5 6. Bd3 Qb6 7. Be3 Bc5 8. Be2
Nc6 9. Nxc6 Qxc6 10. Bd4 Ne7 11. Bf3 Qb6 12. Bxg7 Rg8 13. Bf6 Bxf2+ 14. Kf1 Bb7
15. a3 Rg6 16. Bxe7 Kxe7 17. e5 Bd4 18. Qe1 Bxf3 19. gxf3 Rag8 20. Qh4+ Ke8 21.
Qe4 Bxc3 22. bxc3 Rg1+ 23. Ke2 R8g2+ 24. Kd3 Rxa1 25. Rxa1 Qf2 26. Qe3 Qxc2+
27. Kd4 Qa4+ 28. Kc5 b4 29. Kb6 Qc6+ 30. Ka7 bxa3 31. Qb6 Qxb6+ 32. Kxb6 a2 33.
h4 Rc2 34. f4 Rf2 35. h5 h6 36. Kc5 Ke7 37. c4 Rxf4 38. Rxa2 Re4 39. Rxa6 Rxe5+
40. Kb6 Rxh5 41. c5 Rh1 42. Ra2 Rb1+ 43. Kc7 Rb5 0-1

[Event "Copa Mercosur"]
[Site "Villa Martelli"]
[Date "2006.07.31"]
[Round "8"]
[White "Valerga, Diego"]
[Black "Panno, Oscar"]
[Result "1/2-1/2"]
[WhiteElo "2470"]
[BlackElo "2459"]
[PlyCount "29"]
[EventDate "2006.07.24"]

1. d4 Nf6 2. c4 e6 3. Nf3 b6 4. e3 Bb7 5. Bd3 d5 6. O-O Nbd7 7. b3 Bd6 8. Nc3
a6 9. Bb2 O-O 10. Rc1 Qe7 11. cxd5 exd5 12. Ne2 Ne4 13. Ng3 f5 14. Qc2 c5 15.
dxc5 1/2-1/2

[Event "Copa Mercosur"]
[Site "Villa Martelli"]
[Date "2006.08.01"]
[Round "9"]
[White "Alonso, Salvador"]
[Black "Hungaski, Robert"]
[Result "1/2-1/2"]
[WhiteElo "2441"]
[BlackElo "2412"]
[PlyCount "116"]
[EventDate "2006.07.24"]

1. e4 e5 2. Nf3 Nc6 3. Bb5 a6 4. Ba4 Nf6 5. O-O Be7 6. Re1 b5 7. Bb3 O-O 8. h3
d6 9. c3 Na5 10. Bc2 c6 11. d4 Qc7 12. Nbd2 Re8 13. a4 Bf8 14. axb5 cxb5 15. d5
g6 16. b4 Nc4 17. Nxc4 bxc4 18. Ba4 Bd7 19. Bg5 Bxa4 20. Rxa4 Nd7 21. Qc2 f6
22. Bd2 Qb7 23. Rea1 Be7 24. Nh2 Rec8 25. Qa2 Nb8 26. Nf1 Bd8 27. Be3 Qb5 28.
Qe2 Nd7 29. Qg4 f5 30. Qd1 f4 31. Bd2 Nf6 32. Qe2 Bb6 33. Be1 Ra7 34. Nd2 g5
35. R4a2 h5 36. Qd1 g4 37. Qa4 Rca8 38. Kf1 Kf7 39. Ra3 Ke7 40. hxg4 hxg4 41.
Ke2 Kd8 42. Qc2 Kc7 43. Qa2 a5 44. Qxc4+ Qxc4+ 45. Nxc4 axb4 46. Rxa7+ Rxa7 47.
Rxa7+ Bxa7 48. f3 gxf3+ 49. gxf3 bxc3 50. Bxc3 Nd7 51. Ba5+ Bb6 52. Bc3 Bc5 53.
Kd3 Nf8 54. Be1 Ng6 55. Ke2 Kd7 56. Kd3 Kc7 57. Ke2 Kd7 58. Kd3 Kc7 1/2-1/2